| 000 | 01322cam a2200217 4500 | ||
|---|---|---|---|
| 008 | 031215n2003 000 0 eng u | ||
| 020 | _a0110625293 | ||
| 035 | _a(Sirsi) u124621 | ||
| 041 | _aeng | ||
| 245 | _aAgricultural Holdings (Scotland) Act 2003 (Commencement No 3, Transitional and Savings Provisions) Order 2003 | ||
| 260 |
_aLondon _bHMSO _c2003 |
||
| 490 | _aSSI/v2003:548 | ||
| 520 | _aThis Order brings the Agricultural Holdings (Scotland) Act 2003 into force with the exception of Part II and the provisions already in force under Parts VI and VIII. Covers issues such as compensation following compulsory purchase of tenanted land. Makes transitional and saving provision in relation to the amendments in the 2003 Act which affect agricultural holdings under the Agricultural Holdings (Scotland) Act 1991. Came into force on 27 November 2003. View at www.scotland-legislation.hmso.gov.uk. | ||
| 650 | _aAGRICULTURAL HOLDINGS (SCOTLAND) ACT 2003 | ||
| 650 |
_aCompulsory purchase _96228 |
||
| 650 | _aTENANTS' RIGHTS | ||
| 650 | _aAGRICULTURAL HOLDINGS (SCOTLAND) ACT 2003 (COMMENCEMENT NO 3, TRANSITIONAL AND SAVINGS PROVISIONS) ORDER 2003 | ||
| 690 | _aPROPERTY | ||
| 856 |
_uhttps://www.hmso.gov.uk/legislation/scotland/ssi2003/20030548.htm _zView this SI on the HMSO website... |
||
| 942 | _n0 | ||
| 999 |
_c103256 _d103256 |
||